000
00203 a2200097 4500
001
45571
100
_a
gallant, M
245
_a
Home truths
260
_a
London
_b
Jonathan cape
_c
090
_c
28733
_d
28733
942
_a
NUST-CAE
_c
M
_c
20817
999
_c
280644
_d
280644